Bienvenue à la Médiathèque de Saint-Andiol
banniere
Accueil Recherche avancée Mon compte
handi1 Rechercher dans le catalogue

Filtre   Mots-clés
  Recherche avancée
 
Lister les dernières nouveautés
 
Lister les livres GROS CARACTERES
 
Lister les périodiques (magazines)

handi1 pension en Italie (Une)

Book Cover
Auteur principal : Philippe Besson
Titre : pension en Italie (Une)
Support : Livres
Langue : Francais
Publié : 2026 Julliard Paris
Genre : Roman
Sujets :
Étiquettes :
Pas de tags
LEADER 00942nam0a2200205 450
001 16867808
010 |a 978-2-260-05678-2  |b br.  |d 21 € 
100 |a 20251013d2026 u u0frey01 ba 
101 0 |a fre 
102 |a FR 
200 0 |a pension en Italie (Une)  |f Philippe Besson 
207 1 |a   
210 |a Paris  |c Julliard  |d 2026 
215 |a 1 vol. (235 p.)  |d 21 x 14 cm 
330 |a Au milieu des années 1960, au cours d'un été caniculaire en Toscane, l'harmonie tranquille d'une famille française en villégiature est bouleversée par un événement inattendu. En trois jours, plusieurs vies basculent, puis la stupeur impose le secret. Jusqu'à ce qu'un écrivain, héritier de cette histoire, se lance dans la quête de la vérité. 
676 |a 843 
700 0 |a Besson  |b Philippe  |f 1967-....  |4 70 
900 |a Roman 
901 |a Adultes 
995 |a Médiathèque  |c Médiathèque  |f 00156011589819  |h 00156011589819  |k R BES  |o p  |q a  |r az  |e Médiathèque